[Event "Krasnoyarsk op"]
[Site "Krasnoyarsk"]
[Date "2011.09.29"]
[Round "1"]
[White "Pavlov, Oleg Yuryevich"]
[Black "Zalesskij, Michail"]
[Result "1-0"]
[WhiteElo "2268"]
[BlackElo "2078"]
[PlyCount "83"]
[EventDate "2011.09.29"]
[EventType "swiss"]
[EventRounds "11"]
[EventCountry "RUS"]
[SourceTitle "EXT 2013"]
[Source "ChessBase"]
[SourceDate "2012.11.22"]
[SourceVersion "1"]
[SourceVersionDate "2012.11.22"]
[SourceQuality "1"]

1. d4 e5 2. dxe5 Nc6 3. Nf3 Qe7 4. Bf4 Qb4+ 5. Bd2 Qxb2 6. Nc3 Bb4 7. Rb1 Bxc3 8. Rxb2 Bxb2 9. c3 Ba3 10. e4 Bc5 11. Bc4 Nge7 12. Bf4 h6 13. h4 b6 14. h5 Bb7 15. Qd3 Na5 16. Ba6 0-0-0 17. Nd4 g5 18. Bg3 d6 19. exd6 Bxd6 20. Bxd6 Rxd6 21. 0-0 c5 22. Qh3+ Rd7 23. Bb5 Nac6 24. Nxc6 Bxc6 25. Bxc6 Nxc6 26. Rd1 Rhd8 27. Qf5 Ne7 28. Qh3 g4 29. Qxg4 f5 30. Rxd7 fxg4 31. Rxe7 Rd3 32. Rh7 Rxc3 33. Rxh6 c4 34. Rg6 Rc1+ 35. Kh2 c3 36. h6 Kb7 37. Rg7+ Kc6 38. Rg8 Kd7 39. h7 c2 40. Rc8 Kxc8 41. h8Q+ Kb7 42. Qb2 1-0